|
|
|
|
| LEADER |
01998nam a2200529 4500 |
| 001 |
on1080938478 |
| 003 |
OCoLC |
| 005 |
20200326101158.0 |
| 006 |
m o d |
| 007 |
cr cnu|||unuuu |
| 008 |
190104s2019 maua ob 000 0 eng d |
| 040 |
|
|
|a N$T
|b eng
|e rda
|e pn
|c N$T
|d UIU
|d N$T
|d OPELS
|d YDX
|d MEU
|d SOI
|d UKMGB
|d OCLCF
|d GrThAP
|
| 015 |
|
|
|a GBB913029
|2 bnb
|
| 016 |
7 |
|
|a 019207305
|2 Uk
|
| 019 |
|
|
|a 1081177981
|
| 020 |
|
|
|a 9780128138618
|q (electronic bk.)
|
| 020 |
|
|
|a 0128138610
|q (electronic bk.)
|
| 020 |
|
|
|a 9780128138601
|
| 020 |
|
|
|a 0128138602
|
| 035 |
|
|
|a (OCoLC)1080938478
|z (OCoLC)1081177981
|
| 050 |
|
4 |
|a QC762
|b .B565 2019eb
|
| 072 |
|
7 |
|a SCI
|x 038000
|2 bisacsh
|
| 072 |
|
7 |
|a PSD
|2 bicssc
|
| 082 |
0 |
4 |
|a 538.3
|2 23
|
| 245 |
0 |
0 |
|a Biological NMR.
|n Part A /
|c [edited by] A. Joshua Wand.
|
| 250 |
|
|
|a First edition.
|
| 264 |
|
1 |
|a Cambridge, MA :
|b Academic Press,
|c 2019.
|
| 300 |
|
|
|a 1 online resource (xvii, 422 pages :
|b illustrations).
|
| 336 |
|
|
|a text
|b txt
|2 rdacontent
|
| 337 |
|
|
|a computer
|b c
|2 rdamedia
|
| 338 |
|
|
|a online resource
|b cr
|2 rdacarrier
|
| 347 |
|
|
|a data file
|2 rda
|
| 490 |
1 |
|
|a Methods in enzymology ;
|v volume 614
|
| 546 |
|
|
|a Text in English.
|
| 504 |
|
|
|a Includes bibliographical references.
|
| 588 |
|
|
|a Online resource; title from PDF title page (EBSCO, viewed January 9, 2019).
|
| 650 |
|
0 |
|a Nuclear magnetic resonance.
|
| 650 |
|
0 |
|a Nuclear magnetic resonance spectroscopy.
|
| 650 |
|
7 |
|a SCIENCE / Physics / Magnetism.
|2 bisacsh
|
| 650 |
|
7 |
|a Nuclear magnetic resonance.
|2 fast
|0 (OCoLC)fst01040325
|
| 650 |
|
7 |
|a Nuclear magnetic resonance spectroscopy.
|2 fast
|0 (OCoLC)fst01040333
|
| 655 |
|
7 |
|a Electronic books.
|2 lcgft
|
| 655 |
|
4 |
|a Electronic books.
|
| 700 |
1 |
|
|a Wand, A. Joshua,
|e editor.
|
| 776 |
0 |
8 |
|c Original
|z 0128138602
|z 9780128138601
|w (OCoLC)1040989181
|
| 830 |
|
0 |
|a Methods in enzymology ;
|v v. 614.
|
| 856 |
4 |
0 |
|3 ScienceDirect
|u https://www.sciencedirect.com/science/bookseries/00766879/614
|z Full Text via HEAL-Link
|